[Event "Barcelona Sants op 16th"]
[Site "Barcelona"]
[Date "2014.08.22"]
[Round "1"]
[White "Del Mastro, Marco"]
[Black "Sanchez, Sebastian Felipe"]
[Result "0-1"]
[WhiteElo "1957"]
[BlackElo "2391"]
[PlyCount "88"]
[EventDate "2014.08.22"]
[EventType "swiss"]
[EventRounds "10"]
[EventCountry "ESP"]
[SourceTitle "CBM 162 Extra"]
[Source "ChessBase"]
[SourceDate "2014.10.17"]
[SourceVersion "1"]
[SourceVersionDate "2014.10.17"]
[SourceQuality "1"]

1. e4 c5 2. c3 d5 3. exd5 Qxd5 4. d4 e6 5. Nf3 Nf6 6. Na3 Qd8 7. Nc2 Nc6 8. g3 Be7 9. Bg2 0-0 10. 0-0 a5 11. Qe2 Qb6 12. Rd1 Rd8 13. Rb1 Bd7 14. Be3 Be8 15. dxc5 Bxc5 16. Bxc5 Qxc5 17. Ncd4 h6 18. Nxc6 Bxc6 19. Ne5 Bxg2 20. Kxg2 Rd5 21. f4 Rad8 22. c4 R5d6 23. Rxd6 Qxd6 24. Re1 Qb4 25. Qf2 Rd2 26. Re2 Ne4 27. Qe3 Qxb2 28. Kf3 Rxe2 29. Qxe2 Qxe2+ 30. Kxe2 Nc3+ 31. Kd2 Nxa2 32. Nd7 Nb4 33. Nc5 b6 34. Na4 Kf8 35. Kc3 Ke7 36. Nxb6 Kd6 37. Kd4 Nc2+ 38. Kc3 Kc6 39. Na4 Ne3 40. h3 h5 41. Kd3 Nf1 42. g4 h4 43. Ke4 Nd2+ 44. Kd3 Nf3 0-1